000 00375 a2200169 4500
001 184137
020 _a85-249-0987-0
040 _cMagnum
100 _aSzéliga, Marcia
240 1 0 _aDo céu ao céu voltarás
_lpor
245 1 0 _aDo céu ao céu voltarás
300 _a
362 0 _a2004
440 1 _aCortez
697 _aLITERATURA INFANTO-JUVENIL
942 _cBK
999 _c184137
_d184137